000 00681nam a2200169Ia 4500
008 090711s9999 xx 000 0 und d
082 _b1600
100 _aकापसे हरिशSांद्र
245 _aसंत्रा पिकाSाी आधुनिक लागवड
260 _bअतुल प्रकाशन
_c1999
300 _a79
600 _aकापसे हरिशSांद्र
630 _aसंत्रा पिकाSाी आधुनिक लागवड
700 _aकापसे हरिशSांद्र
730 _aसंत्रा पिकाSाी आधुनिक लागवड
942 _cBOOK
999 _c336568
_d336568